Trh piva v strednej a východnej Európe
Z obsahu: Slovenský pivovarnícky pelotón sa začína trhať. Výrobcovia si ťažkajú na nedostatočnú ochranu trhu. Štyri slovenské pivovary ochutnali konkurz. Úzka skupina koncernov si trúfa ovládnuť európsky trh piva. Heineken obhajuje svoju pozíciu európskeho lídra. Juhoafrický SAB sa udomácnil vo vých...
Gespeichert in:
| 1. Verfasser: | |
|---|---|
| Weitere Verfasser: | , |
| Format: | Buchkapitel |
| Sprache: | Slowakisch |
| Schlagworte: | |
| Tags: |
Keine Tags, Fügen Sie das erste Tag hinzu!
|
MARC
| LEADER | 00000naa a2200000 4500 | ||
|---|---|---|---|
| 001 | r037564 | ||
| 005 | 20230921105417.3 | ||
| 041 | 0 | |a slo | |
| 044 | |a SK | ||
| 245 | 1 | 0 | |a Trh piva v strednej a východnej Európe |c Juraj Hrúz, Gabriel Beer, Juraj Janoška |
| 520 | |a Z obsahu: Slovenský pivovarnícky pelotón sa začína trhať. Výrobcovia si ťažkajú na nedostatočnú ochranu trhu. Štyri slovenské pivovary ochutnali konkurz. Úzka skupina koncernov si trúfa ovládnuť európsky trh piva. Heineken obhajuje svoju pozíciu európskeho lídra. Juhoafrický SAB sa udomácnil vo východnej Európe, teraz mieri na západ. BBAG bojuje o svoju časť európskeho trhu. | ||
| 610 | 2 | 0 | |a pivo |
| 610 | 2 | 0 | |a trh |
| 610 | 2 | 0 | |a SVE |
| 610 | 2 | 0 | |a Slovensko |
| 610 | 2 | 0 | |a ochrana trhu |
| 610 | 2 | 0 | |a konkurzy |
| 100 | 1 | |a Hrúz, Juraj | |
| 700 | 1 | |a Beer, Gabriel | |
| 700 | 1 | |a Janoška, Juraj | |